[Event "7. Arber-Senioren-Cup 2019"]
[Site "Bodenmais"]
[Date "2019.07.29"]
[Round "3.5"]
[White "Fleuch, Hans-Juergen"]
[Black "Herbold, Manfred"]
[Result "0-1"]
[WhiteElo "1951"]
[BlackElo "2081"]
[Annotator "NA"]
[PlyCount "94"]
[EventDate "2019.07.27"]
[EventType "swiss"]
[EventCountry "GER"]
[SourceTitle "playchess.com"]
[Source "ChessBase"]
[SourceQuality "1"]
[TimeControl "5400+30"]

1. e4 {[%emt 0:00:00]} e5 {[%emt 0:00:00]} 2. Nf3 {[%emt 0:00:00]} d5 {[%emt 0:00:00]} 3. Nc3 {[%emt 0:00:00]} d4 {[%emt 0:00:00]} 4. Nb1 {[%emt 0:00:00]} Bd6 {[%emt 0:00:00]} 5. d3 {[%emt 0:00:00]} Ne7 {[%emt 0:00:00]} 6. Nbd2 {[%emt 0:00:00]} f6 {[%emt 0:00:00]} 7. c4 {[%emt 0:00:00]} a5 {[%emt 0:00:00]} 8. Be2 {[%emt 0:00:00]} Be6 {[%emt 0:00:00]} 9. Nh4 {[%emt 0:00:00]} Qd7 {[%emt 0:00:00]} 10. g3 {[%emt 0:04:45]} Nbc6 {[%emt 0:00:00]} 11. Nf1 {[%emt 0:04:57]} Bb4+ {[%emt 0:00:00]} 12. Bd2 {[%emt 0:01:17]} O-O {[%emt 0:00:00]} 13. Bxb4 {[%emt 0:04:57]} axb4 {[%emt 0:00:00]} 14. Nd2 {[%emt 0:04:43]} Ra7 {[%emt 0:00:00]} 15. a4 {[%emt 0:08:59]} bxa3 {[%emt 0:00:00]} 16. Rxa3 {[%emt 0:01:24]} Rxa3 {[%emt 0:00:00]} 17. bxa3 {[%emt 0:00:13]} Ra8 {[%emt 0:00:00]} 18. Nb1 {[%emt 0:00:40]} Na5 {[%emt 0:00:00]} 19. O-O {[%emt 0:00:31]} b5 {[%emt 0:00:27]} 20. cxb5 {[%emt 0:00:38]} Qxb5 {[%emt 0:00:13]} 21. f4 {[%emt 0:07:15]} exf4 {[%emt 0:01:08]} 22. gxf4 {[%emt 0:00:55]} c5 {[%emt 0:00:48]} 23. Nf3 {[%emt 0:09:56]} Nb3 {[%emt 0:03:27]} 24. Nfd2 {[%emt 0:11:35]} Nc6 {[%emt 0:03:02]} 25. Nxb3 {[%emt 0:02:54]} Bxb3 {[%emt 0:00:21]} 26. Qc1 {[%emt 0:00:27]} Na5 {[%emt 0:01:18]} 27. Nd2 {[%emt 0:04:10]} Be6 {[%emt 0:03:14]} 28. Qc2 {[%emt 0:01:44]} Rc8 {[%emt 0:10:15]} 29. Rb1 {[%emt 0:07:34]} Qc6 {[%emt 0:00:36]} 30. Rc1 {[%emt 0:05:39]} Qc7 {[%emt 0:03:51]} 31. f5 {[%emt 0:03:20]} Bf7 {[%emt 0:00:26]} 32. Qa4 {[%emt 0:01:37]} Be8 {[%emt 0:00:56]} 33. Qc2 {[%emt 0:00:28]} Qf4 {[%emt 0:01:03]} 34. Nc4 {[%emt 0:04:07]} Nxc4 {[%emt 0:02:04]} 35. Qxc4+ {[%emt 0:01:11]} Bf7 {[%emt 0:00:12]} 36. Qc2 {[%emt 0:00:56]} Qe3+ {[%emt 0:04:40]} 37. Kf1 {[%emt 0:00:39]} g6 {[%emt 0:00:30]} 38. fxg6 {[%emt 0:01:59]} hxg6 {[%emt 0:00:31]} 39. Rb1 {[%emt 0:02:13]} f5 {[%emt 0:02:54]} 40. Qc1 {[%emt 0:06:49]} Qh3+ {[%emt 0:00:19]} 41. Kg1 {[%emt 0:00:13]} fxe4 {[%emt 0:00:37]} 42. dxe4 {[%emt 0:00:09]} d3 {[%emt 0:01:18]} 43. Bf1 {[%emt 0:00:47]} Qg4+ {[%emt 0:00:19]} 44. Bg2 {[%emt 0:00:15]} c4 {[%emt 0:00:26]} 45. Qc3 {[%emt 0:00:20]} Rd8 {[%emt 0:01:37]} 46. Qf6 {[%emt 0:00:30]} Qd7 47. e5 d2 0-1

[Event "7. Arber-Senioren-Cup 2019"]
[Site "Bodenmais"]
[Date "2019.07.29"]
[Round "3.6"]
[White "Pirrot, Dieter"]
[Black "Schwalb, Manfred"]
[Result "1-0"]
[WhiteElo "2315"]
[BlackElo "1965"]
[Annotator "NA"]
[PlyCount "81"]
[EventDate "2019.07.27"]
[EventType "swiss"]
[EventCountry "GER"]
[SourceTitle "playchess.com"]
[Source "ChessBase"]
[SourceQuality "1"]
[TimeControl "5400+30"]

1. d4 {[%emt 0:00:00]} Nf6 {[%emt 0:00:00]} 2. c4 {[%emt 0:00:00]} g6 {[%emt 0:00:00]} 3. Nc3 {[%emt 0:00:00]} Bg7 {[%emt 0:00:00]} 4. e4 {[%emt 0:00:00]} d6 {[%emt 0:00:00]} 5. Be2 {[%emt 0:00:00]} O-O {[%emt 0:00:00]} 6. Be3 {[%emt 0:00:00]} Nbd7 {[%emt 0:00:00]} 7. g4 {[%emt 0:00:00]} e5 {[%emt 0:00:00]} 8. d5 {[%emt 0:00:00]} Nc5 {[%emt 0:00:00] E73: King's Indian: Averbakh Variation without 6...c5} 9. f3 {[%emt 0:00:00]} a5 {[%emt 0:00:00]} (9... h5 10. g5 Nh7 11. h4 f6 12. gxf6 Bxf6 13. Bf2 Be7 14. Kd2 Rf4 15. Qe1 a5 {½-½ (30) L'Ami,E (2634)-Amin,B (2693) Wijk aan Zee 2018}) 10. Qd2 {[%emt 0:00:00]} Ne8 {[%emt 0:00:00]} 11. h4 {[%emt 0:00:00]} f5 {[%emt 0:00:00]} 12. exf5 {[%emt 0:00:00]} gxf5 {[%emt 0:00:00]} 13. g5 {[%emt 0:00:00]} e4 $146 {[%emt 0:00:00]} ({Predecessor:} 13... Qe7 14. Nh3 Bd7 15. O-O-O Na4 16. Nxa4 Bxa4 {0-1 (51) Bergsson,S (2093)-Lie,E (2473) Kragero 2018}) 14. f4 {[%emt 0:00:00]} Bd7 {[%emt 0:00:00]} 15. h5 {[%emt 0:00:00]} h6 {[%emt 0:00:00]} 16. Nh3 {[%emt 0:00:36]} Kh7 {[%emt 0:00:00]} 17. O-O-O {[%emt 0:02:38]} a4 {[%emt 0:01:15]} 18. Bd4 {[%emt 0:06:14]} Nd3+ {[%emt 0:03:03]} 19. Bxd3 {[%emt 0:00:32]} Bxd4 {[%emt 0:00:15]} 20. Bc2 {[%emt 0:01:38]} Bg7 {[%emt 0:01:50]} 21. Rdg1 {[%emt 0:10:33]} c5 {[%emt 0:05:39]} 22. Qg2 {[%emt 0:10:15]} Bd4 {[%emt 0:03:29]} 23. gxh6 {[%emt 0:35:11]} Qe7 {[%emt 0:10:14]} 24. a3 {[%emt 0:03:52]} Nc7 {[%emt 0:19:35]} 25. Qg6+ {[%emt 0:01:11]} Kh8 {[%emt 0:00:06]} 26. h7 {[%emt 0:00:28]} Bxg1 {[%emt 0:08:47]} 27. Rxg1 {[%emt 0:01:36]} Qf6 {[%emt 0:01:56]} 28. Qg3 {[%emt 0:03:10]} b5 {[%emt 0:05:31]} 29. cxb5 {[%emt 0:00:54]} Nxb5 {[%emt 0:01:23]} 30. Nxb5 {[%emt 0:02:21]} Bxb5 {[%emt 0:00:04]} 31. h6 {[%emt 0:11:30]} Qxh6 {[%emt 0:00:58]} 32. Qc3+ {[%emt 0:00:16]} Qf6 {[%emt 0:00:33]} 33. Rg8+ {[%emt 0:00:15]} Kxh7 {[%emt 0:00:43]} 34. Qxf6 {[%emt 0:00:12]} Rxf6 {[%emt 0:03:11]} 35. Rxa8 {[%emt 0:00:07]} Rh6 {[%emt 0:00:34]} 36. Ng5+ {[%emt 0:00:49]} Kg7 {[%emt 0:01:31]} 37. Ra7+ {[%emt 0:00:35]} Kf6 {[%emt 0:01:14]} 38. Bxa4 {[%emt 0:02:07]} Bd3 $18 {[%emt 0:04:38]} (38... Bxa4 $142 39. Rxa4 Rh1+ 40. Kc2 Rf1) 39. Rd7 {[%emt 0:01:07]} Rh4 {[%emt 0:04:31]} 40. Rxd6+ {[%emt 0:00:16]} Kg7 {[%emt 0:00:26]} 41. Ne6+ {[%emt 0:01:00]} 1-0

[Event "7. Arber-Senioren-Cup 2019"]
[Site "Bodenmais"]
[Date "2019.07.29"]
[Round "3.7"]
[White "Steinbach, Peter"]
[Black "Pribyl, Josef"]
[Result "0-1"]
[WhiteElo "1958"]
[BlackElo "2234"]
[Annotator "NA"]
[PlyCount "38"]
[EventDate "2019.07.27"]
[EventType "swiss"]
[EventCountry "GER"]
[SourceTitle "playchess.com"]
[Source "ChessBase"]
[SourceQuality "1"]
[TimeControl "5400+30"]

1. e4 {[%emt 0:00:00]} d6 {[%emt 0:00:00]} 2. d4 {[%emt 0:00:00]} Nf6 {[%emt 0:00:00]} 3. Nc3 {[%emt 0:00:00]} g6 {[%emt 0:00:00]} 4. f4 {[%emt 0:00:00]} Bg7 {[%emt 0:00:00]} 5. Nf3 {[%emt 0:00:00]} O-O {[%emt 0:00:00]} 6. Bd3 {[%emt 0:00:00]} Na6 {[%emt 0:00:00]} 7. O-O {[%emt 0:00:00]} c5 {[%emt 0:00:00]} 8. d5 {[%emt 0:00:00]} Nc7 {[%emt 0:00:00]} 9. a4 {[%emt 0:00:00]} e6 {[%emt 0:00:00]} 10. Bc4 {[%emt 0:00:00]} exd5 {[%emt 0:00:00]} 11. exd5 {[%emt 0:00:00]} Re8 {[%emt 0:00:00]} 12. h3 {[%emt 0:00:00]} b6 {[%emt 0:00:00]} 13. Re1 {[%emt 0:00:00]} a6 {[%emt 0:00:00]} 14. Be3 {[%emt 0:00:00]} Bd7 {[%emt 0:00:00]} 15. Qd3 {[%emt 0:00:00]} Qb8 {[%emt 0:00:00]} 16. Bf2 {[%emt 0:05:39]} Qb7 {[%emt 0:00:00]} 17. Ng5 {[%emt 0:10:01]} b5 {[%emt 0:00:00]} 18. axb5 {[%emt 0:00:28]} axb5 {[%emt 0:00:00]} 19. Rxa8 {[%emt 0:00:10]} Rxa8 {[%emt 0:00:00]} 0-1

[Event "7. Arber-Senioren-Cup 2019"]
[Site "Bodenmais"]
[Date "2019.07.29"]
[Round "3.8"]
[White "Riedl, Maximilian"]
[Black "Korte, Markus"]
[Result "1-0"]
[WhiteElo "1905"]
[BlackElo "2028"]
[Annotator "NA"]
[PlyCount "169"]
[EventDate "2019.07.27"]
[EventType "swiss"]
[EventCountry "GER"]
[SourceTitle "playchess.com"]
[Source "ChessBase"]
[SourceQuality "1"]
[TimeControl "5400+30"]

1. Nf3 {[%emt 0:00:00]} d5 {[%emt 0:00:00]} 2. d4 {[%emt 0:00:00]} Nf6 {[%emt 0:00:00]} 3. e3 {[%emt 0:00:00]} Bg4 {[%emt 0:00:00]} 4. c4 {[%emt 0:00:00]} dxc4 {[%emt 0:00:00]} 5. Bxc4 {[%emt 0:00:00]} e6 {[%emt 0:00:00]} 6. Nbd2 {[%emt 0:00:00]} Nbd7 {[%emt 0:00:00]} 7. Qb3 {[%emt 0:00:00]} Nb6 {[%emt 0:00:00]} 8. Ne5 {[%emt 0:00:00]} Nxc4 {[%emt 0:00:00]} 9. Nxg4 {[%emt 0:00:00]} Nxg4 {[%emt 0:00:00]} 10. Nxc4 {[%emt 0:00:00]} Qd5 {[%emt 0:00:00]} 11. f3 {[%emt 0:00:00]} b5 {[%emt 0:03:45]} 12. Na5 {[%emt 0:00:00]} Qxb3 {[%emt 0:02:04]} 13. Nxb3 {[%emt 0:00:00]} Bb4+ {[%emt 0:00:20]} 14. Ke2 {[%emt 0:00:00]} Nf6 {[%emt 0:01:41]} 15. e4 {[%emt 0:00:00]} h6 {[%emt 0:04:56]} 16. Be3 {[%emt 0:00:00]} O-O {[%emt 0:02:24]} 17. a3 {[%emt 0:00:00]} Be7 {[%emt 0:01:47]} 18. g4 {[%emt 0:00:00]} a5 {[%emt 0:01:44]} 19. Rac1 {[%emt 0:00:00]} Rfc8 {[%emt 0:05:58]} 20. Rc6 {[%emt 0:00:00]} a4 {[%emt 0:09:12]} 21. Nd2 {[%emt 0:00:00]} b4 {[%emt 0:06:06]} 22. axb4 {[%emt 0:00:00]} Bxb4 {[%emt 0:02:56]} 23. Nc4 {[%emt 0:00:00]} Nd7 {[%emt 0:03:18]} 24. Na3 {[%emt 0:00:00]} Rab8 {[%emt 0:05:20]} 25. Nc4 {[%emt 0:00:00]} Rb7 {[%emt 0:09:12]} 26. Ra6 {[%emt 0:00:00]} Nb6 {[%emt 0:05:55]} 27. Rc1 {[%emt 0:03:31]} Nxc4 {[%emt 0:03:15]} 28. Rxc4 {[%emt 0:05:04]} Be7 {[%emt 0:00:18]} 29. Bc1 {[%emt 0:01:15]} Rcb8 {[%emt 0:21:21]} 30. Raxa4 {[%emt 0:01:28]} Bg5 {[%emt 0:01:04]} 31. f4 {[%emt 0:00:41]} Rxb2+ {[%emt 0:00:59]} 32. Bxb2 {[%emt 0:00:27]} Rxb2+ {[%emt 0:00:05]} 33. Kd3 {[%emt 0:00:46]} Bxf4 {[%emt 0:00:07]} 34. Rc2 {[%emt 0:01:44]} Rb3+ {[%emt 0:00:55]} 35. Kc4 {[%emt 0:02:32]} Re3 {[%emt 0:00:16]} 36. e5 {[%emt 0:00:37]} f6 {[%emt 0:00:29]} 37. exf6 {[%emt 0:03:04]} gxf6 {[%emt 0:00:51]} 38. Raa2 {[%emt 0:01:28]} Kf7 {[%emt 0:00:40]} 39. Re2 {[%emt 0:05:24]} Rh3 {[%emt 0:00:46]} 40. Rac2 {[%emt 0:04:04]} Ra3 {[%emt 0:00:46]} 41. Rc3 {[%emt 0:04:23]} Ra4+ {[%emt 0:00:46]} 42. Kd3 {[%emt 0:01:07]} Bd6 {[%emt 0:01:05]} 43. Rg2 {[%emt 0:13:36]} Ra1 {[%emt 0:01:10]} 44. Ke2 {[%emt 0:05:15]} Ra2+ {[%emt 0:01:32]} 45. Kf3 {[%emt 0:00:32]} Ra4 {[%emt 0:01:08]} 46. Rd3 {[%emt 0:00:31]} Rc4 {[%emt 0:02:04]} 47. h3 {[%emt 0:00:57]} Kg6 {[%emt 0:00:17]} 48. Re2 {[%emt 0:07:20]} e5 {[%emt 0:02:02]} 49. dxe5 {[%emt 0:00:36]} fxe5 {[%emt 0:00:15]} 50. Re4 {[%emt 0:00:50]} Rc1 {[%emt 0:00:25]} 51. Re2 {[%emt 0:01:53]} Rf1+ {[%emt 0:00:21]} 52. Ke4 {[%emt 0:00:32]} Kg5 {[%emt 0:00:42]} 53. Rf3 {[%emt 0:01:40]} Ra1 {[%emt 0:01:45]} 54. Rf5+ {[%emt 0:00:20]} Kg6 {[%emt 0:00:14]} 55. Rh5 {[%emt 0:00:58]} Rd1 {[%emt 0:01:19]} 56. Rc2 {[%emt 0:06:02]} Rd4+ {[%emt 0:00:17]} 57. Ke3 {[%emt 0:00:26]} Ra4 {[%emt 0:00:56]} 58. Rc6 {[%emt 0:00:26]} Kg7 {[%emt 0:00:48]} 59. Rc3 {[%emt 0:03:15]} Rb4 {[%emt 0:00:49]} 60. Rf5 {[%emt 0:00:50]} Rb1 {[%emt 0:00:41]} 61. Ke4 {[%emt 0:02:17]} Re1+ {[%emt 0:00:57]} 62. Kd5 e4 63. Ke6 {[%emt 0:04:51]} e3 {[%emt 0:01:07]} 64. Rf3 {[%emt 0:01:39]} e2 {[%emt 0:00:45]} 65. Rf7+ {[%emt 0:01:48]} Kg6 {[%emt 0:00:43]} 66. Rf6+ {[%emt 0:00:30]} Kg5 {[%emt 0:00:28]} 67. Rf5+ {[%emt 0:00:26]} Kg6 {[%emt 0:00:10]} 68. Re3 {[%emt 0:01:02]} Rh1 {[%emt 0:00:53]} 69. Rxe2 {[%emt 0:00:29]} Rxh3 {[%emt 0:00:01]} 70. Re4 {[%emt 0:01:04]} Rd3 {[%emt 0:00:35]} 71. Rh5 {[%emt 0:04:11]} Rg3 {[%emt 0:00:33]} 72. Rd5 {[%emt 0:01:11]} Rf3 {[%emt 0:00:30]} 73. Kd7 {[%emt 0:00:38]} Rf7+ {[%emt 0:00:19]} 74. Kc6 {[%emt 0:00:21]} Rf6 {[%emt 0:00:14]} 75. Kd7 {[%emt 0:00:41]} Kg7 {[%emt 0:01:21]} 76. Re6 {[%emt 0:01:27]} Rf7+ {[%emt 0:00:40]} 77. Kc6 {[%emt 0:00:03]} Rf4 {[%emt 0:00:22]} 78. g5 {[%emt 0:00:38]} h5 {[%emt 0:00:26]} 79. g6 {[%emt 0:01:47]} Rc4+ {[%emt 0:00:32]} 80. Kd7 {[%emt 0:00:21]} Rh4 {[%emt 0:00:46]} 81. Rf5 {[%emt 0:00:27]} Kh6 {[%emt 0:01:13]} 82. Rf7 {[%emt 0:00:16]} Rf4 {[%emt 0:00:34]} 83. Rh7+ {[%emt 0:01:35]} Kg5 {[%emt 0:00:10]} 84. g7 {[%emt 0:01:01]} Rf7+ {[%emt 0:00:38]} 85. Kc6 {[%emt 0:00:13]} 1-0

[Event "7. Arber-Senioren-Cup 2019"]
[Site "Bodenmais"]
[Date "2019.07.29"]
[Round "3.9"]
[White "Greul, Hans"]
[Black "Neubauer, Jaroslaus"]
[Result "1/2-1/2"]
[WhiteElo "2009"]
[BlackElo "2014"]
[Annotator "NA"]
[PlyCount "77"]
[EventDate "2019.07.27"]
[EventType "swiss"]
[EventCountry "GER"]
[SourceTitle "playchess.com"]
[Source "ChessBase"]
[SourceQuality "1"]
[TimeControl "5400+30"]

1. d4 {[%emt 0:00:00]} Nf6 {[%emt 0:00:00]} 2. Nf3 {[%emt 0:00:00]} e6 {[%emt 0:00:00]} 3. e3 {[%emt 0:00:00]} b6 {[%emt 0:00:00]} 4. Be2 {[%emt 0:00:00]} Bb7 {[%emt 0:00:00]} 5. O-O {[%emt 0:00:00]} Be7 {[%emt 0:00:00]} 6. c4 {[%emt 0:00:00]} O-O {[%emt 0:00:00]} 7. Nc3 {[%emt 0:00:00]} d5 {[%emt 0:00:00]} 8. cxd5 {[%emt 0:00:00]} Nxd5 {[%emt 0:00:00]} 9. Nxd5 {[%emt 0:00:00]} exd5 {[%emt 0:00:00]} 10. b3 {[%emt 0:00:00]} Nd7 {[%emt 0:00:00]} 11. Bb2 {[%emt 0:00:00]} Bd6 {[%emt 0:00:00]} 12. Rc1 {[%emt 0:00:00]} Qe7 {[%emt 0:00:00]} 13. Bb5 {[%emt 0:00:00]} a6 {[%emt 0:00:00]} 14. Bc6 {[%emt 0:00:00]} Bxc6 {[%emt 0:00:00]} 15. Rxc6 {[%emt 0:00:00]} a5 {[%emt 0:00:00]} 16. a4 {[%emt 0:00:00]} Nb8 {[%emt 0:00:00]} 17. Rc2 {[%emt 0:00:00]} Na6 {[%emt 0:00:00]} 18. Bc3 {[%emt 0:00:00]} f5 {[%emt 0:00:00]} 19. Qd3 {[%emt 0:00:00]} Qe4 {[%emt 0:00:00]} 20. Qe2 {[%emt 0:00:00]} Rf6 {[%emt 0:00:00]} 21. g3 {[%emt 0:00:00]} Qe7 {[%emt 0:07:15]} 22. Qb5 {[%emt 0:00:00]} Rff8 {[%emt 0:20:48]} 23. Qxd5+ {[%emt 0:00:00]} Kh8 {[%emt 0:00:09]} 24. Nh4 {[%emt 0:04:05]} Qe4 {[%emt 0:11:37]} 25. Qxe4 {[%emt 0:00:47]} fxe4 {[%emt 0:00:09]} 26. f4 {[%emt 0:03:11]} Nb4 {[%emt 0:00:53]} 27. Bxb4 {[%emt 0:01:02]} axb4 {[%emt 0:00:14]} 28. g4 {[%emt 0:03:29]} g6 {[%emt 0:05:06]} 29. f5 {[%emt 0:04:09]} Kg7 {[%emt 0:00:13]} 30. g5 {[%emt 0:03:10]} Ra5 {[%emt 0:01:14]} 31. f6+ {[%emt 0:02:31]} Kf7 {[%emt 0:00:06]} 32. Rg2 {[%emt 0:00:19]} b5 {[%emt 0:00:09]} 33. axb5 {[%emt 0:00:56]} Rxb5 {[%emt 0:00:16]} 34. Ra1 {[%emt 0:01:20]} Rfb8 {[%emt 0:03:05]} 35. Rg4 {[%emt 0:00:26]} Re8 {[%emt 0:03:05]} 36. Ng2 {[%emt 0:00:22]} Rb6 {[%emt 0:00:35]} 37. Nf4 {[%emt 0:02:04]} Rc6 {[%emt 0:00:29]} 38. Rh4 {[%emt 0:05:20]} h5 {[%emt 0:03:39]} 39. Rb1 1/2-1/2

[Event "7. Arber-Senioren-Cup 2019"]
[Site "Bodenmais"]
[Date "2019.07.29"]
[Round "3.10"]
[White "Godoj, Veit"]
[Black "Pisz, Bretislav"]
[Result "1-0"]
[WhiteElo "1995"]
[BlackElo "1599"]
[Annotator "NA"]
[PlyCount "65"]
[EventDate "2019.07.27"]
[EventType "swiss"]
[EventCountry "GER"]
[SourceTitle "playchess.com"]
[Source "ChessBase"]
[SourceQuality "1"]
[TimeControl "5400+30"]

1. d4 {[%emt 0:00:00]} e6 {[%emt 0:00:00]} 2. e3 {[%emt 0:00:00]} Nf6 {[%emt 0:00:00]} 3. Bd3 {[%emt 0:00:00]} c5 {[%emt 0:00:00]} 4. c3 {[%emt 0:00:00]} d5 {[%emt 0:00:00]} 5. f4 {[%emt 0:00:00]} Nc6 {[%emt 0:00:00]} 6. Nf3 {[%emt 0:00:00]} Ne4 {[%emt 0:00:00]} 7. O-O {[%emt 0:00:00]} f5 {[%emt 0:00:00]} 8. Nbd2 {[%emt 0:00:00]} c4 {[%emt 0:00:00]} 9. Bc2 {[%emt 0:00:00]} b5 {[%emt 0:00:00]} 10. Nxe4 {[%emt 0:00:00]} fxe4 {[%emt 0:00:00]} 11. Ne5 {[%emt 0:00:00]} Nxe5 {[%emt 0:00:00]} 12. fxe5 {[%emt 0:00:00]} Qg5 {[%emt 0:00:00]} 13. b3 {[%emt 0:00:00]} Bd7 {[%emt 0:00:00]} 14. bxc4 {[%emt 0:00:00]} bxc4 {[%emt 0:00:00]} 15. Rb1 {[%emt 0:00:00]} Qd8 {[%emt 0:00:00]} 16. Ba4 {[%emt 0:00:00]} Rc8 {[%emt 0:00:00]} 17. Rf6 {[%emt 0:10:57]} Qe7 {[%emt 0:09:30]} 18. Qh5+ {[%emt 0:04:10]} g6 {[%emt 0:05:06]} 19. Qg4 {[%emt 0:01:08]} Bxa4 {[%emt 0:02:05]} 20. Rxe6 {[%emt 0:00:16]} Bd7 {[%emt 0:00:12]} 21. Rxe7+ {[%emt 0:01:50]} Bxe7 {[%emt 0:00:19]} 22. e6 {[%emt 0:14:43]} Bc6 {[%emt 0:00:43]} 23. Qf4 Rf8 {[%emt 0:13:44]} 24. Rb8 {[%emt 0:08:25]} Kd8 {[%emt 0:02:31]} 25. Qe5 {[%emt 0:01:39]} Rf5 {[%emt 0:07:10]} 26. Qh8+ {[%emt 0:03:53]} Rf8 {[%emt 0:01:11]} 27. Rxc8+ {[%emt 0:01:58]} Kxc8 {[%emt 0:01:56]} 28. Qxh7 {[%emt 0:00:06]} Kd8 {[%emt 0:02:28]} 29. Qxg6 {[%emt 0:00:26]} Be8 {[%emt 0:02:08]} 30. Qg3 {[%emt 0:01:43]} Kc8 {[%emt 0:00:52]} 31. Qg7 {[%emt 0:04:16]} Kd8 {[%emt 0:02:08]} 32. Qe5 {[%emt 0:00:13]} Bf6 {[%emt 0:04:57]} 33. Qb8+ {[%emt 0:00:24]} 1-0

[Event "7. Arber-Senioren-Cup 2019"]
[Site "Bodenmais"]
[Date "2019.07.29"]
[Round "3.11"]
[White "Latzel, Wolfgang"]
[Black "Kurka, Dieter"]
[Result "1/2-1/2"]
[WhiteElo "1881"]
[BlackElo "2006"]
[Annotator "NA"]
[PlyCount "111"]
[EventDate "2019.07.27"]
[EventType "swiss"]
[EventCountry "GER"]
[SourceTitle "playchess.com"]
[Source "ChessBase"]
[SourceQuality "1"]
[TimeControl "5400+30"]

1. e4 {[%emt 0:00:00]} c5 {[%emt 0:00:00]} 2. Nf3 {[%emt 0:00:00]} e6 {[%emt 0:00:00]} 3. d4 {[%emt 0:00:00]} cxd4 {[%emt 0:00:00]} 4. Nxd4 {[%emt 0:00:00]} a6 {[%emt 0:00:00]} 5. Bd3 {[%emt 0:00:00]} Qc7 {[%emt 0:00:00]} 6. O-O {[%emt 0:00:00]} Nf6 {[%emt 0:00:00]} 7. Qe2 {[%emt 0:00:00]} d6 {[%emt 0:00:00]} 8. c4 {[%emt 0:00:00]} Be7 {[%emt 0:00:00]} 9. Nc3 {[%emt 0:00:00]} Nbd7 {[%emt 0:00:00]} 10. f4 {[%emt 0:00:00]} O-O {[%emt 0:00:00]} 11. Kh1 {[%emt 0:00:00]} b6 {[%emt 0:00:00]} 12. Bd2 {[%emt 0:00:00]} Bb7 {[%emt 0:00:00]} 13. Rae1 {[%emt 0:00:00]} Rad8 {[%emt 0:00:00]} 14. Nf3 {[%emt 0:00:00]} Rfe8 {[%emt 0:00:00]} 15. e5 {[%emt 0:00:00]} Ng4 {[%emt 0:00:00]} 16. h3 {[%emt 0:00:00]} Nh6 {[%emt 0:00:00]} 17. Be4 {[%emt 0:00:00]} Nc5 {[%emt 0:07:34]} 18. Bxb7 {[%emt 0:00:00]} Qxb7 {[%emt 0:00:02]} 19. Kh2 {[%emt 0:00:00]} dxe5 {[%emt 0:07:28]} 20. fxe5 {[%emt 0:01:15]} Nf5 {[%emt 0:01:37]} 21. Bg5 {[%emt 0:00:25]} h6 {[%emt 0:07:02]} 22. Bxe7 {[%emt 0:04:00]} Qxe7 {[%emt 0:00:02]} 23. Rd1 {[%emt 0:01:09]} a5 {[%emt 0:07:25]} 24. Rxd8 {[%emt 0:13:29]} Rxd8 {[%emt 0:00:09]} 25. Rd1 {[%emt 0:00:18]} Rd7 {[%emt 0:09:11]} 26. a3 {[%emt 0:12:44]} a4 {[%emt 0:01:37]} 27. Rxd7 {[%emt 0:08:05]} Qxd7 {[%emt 0:00:15]} 28. Ne4 {[%emt 0:03:18]} Qd3 {[%emt 0:01:20]} 29. Qxd3 {[%emt 0:06:00]} Nxd3 {[%emt 0:00:32]} 30. Nfd2 {[%emt 0:02:47]} Ne3 {[%emt 0:03:42]} 31. Kg3 {[%emt 0:16:51]} Nxe5 {[%emt 0:02:50]} 32. c5 {[%emt 0:00:36]} Nf5+ {[%emt 0:03:49]} 33. Kh2 {[%emt 0:02:51]} b5 {[%emt 0:03:23]} 34. b4 {[%emt 0:05:06]} axb3 {[%emt 0:04:31]} 35. Nxb3 {[%emt 0:00:08]} Nc6 {[%emt 0:00:30]} 36. Nc3 {[%emt 0:04:57]} b4 {[%emt 0:03:47]} 37. axb4 {[%emt 0:02:32]} Nxb4 {[%emt 0:00:07]} 38. g4 {[%emt 0:00:47]} Ne7 {[%emt 0:01:23]} 39. Kg3 {[%emt 0:00:17]} Kf8 {[%emt 0:00:17]} 40. Kf3 {[%emt 0:00:20]} Ke8 {[%emt 0:00:20]} 41. Ke4 {[%emt 0:00:27]} Nec6 {[%emt 0:01:10]} 42. Nb5 {[%emt 0:01:41]} g6 {[%emt 0:02:51]} 43. N5d4 {[%emt 0:04:28]} Ke7 {[%emt 0:01:58]} 44. Nf3 {[%emt 0:00:54]} f5+ {[%emt 0:00:41]} 45. gxf5 {[%emt 0:00:40]} gxf5+ {[%emt 0:00:27]} 46. Ke3 {[%emt 0:01:26]} Kf6 47. Nbd4 {[%emt 0:02:31]} e5 {[%emt 0:00:55]} 48. Nxc6 {[%emt 0:01:23]} Nxc6 {[%emt 0:00:08]} 49. Nh4 {[%emt 0:01:32]} Ne7 {[%emt 0:03:40]} 50. Ng2 {[%emt 0:00:23]} e4 {[%emt 0:00:57]} 51. Kd4 {[%emt 0:01:00]} Ke6 {[%emt 0:02:07]} 52. Nf4+ {[%emt 0:00:40]} Kd7 {[%emt 0:00:09]} 53. Ke5 {[%emt 0:00:23]} Kc6 {[%emt 0:05:38]} 54. Ke6 {[%emt 0:00:15]} Nc8 {[%emt 0:01:07]} 55. Kxf5 {[%emt 0:00:28]} Kxc5 {[%emt 0:00:37]} 56. Kxe4 1/2-1/2

[Event "7. Arber-Senioren-Cup 2019"]
[Site "Bodenmais"]
[Date "2019.07.29"]
[Round "3.12"]
[White "Puehn, Georg"]
[Black "Supplieth, Peter"]
[Result "1-0"]
[WhiteElo "1990"]
[BlackElo "1880"]
[Annotator "NA"]
[PlyCount "41"]
[EventDate "2019.07.27"]
[EventType "swiss"]
[EventCountry "GER"]
[SourceTitle "playchess.com"]
[Source "ChessBase"]
[SourceQuality "1"]
[TimeControl "5400+30"]

1. e4 {[%emt 0:00:00]} Nf6 {[%emt 0:00:00]} 2. d3 {[%emt 0:00:00]} e5 {[%emt 0:00:00]} 3. Nf3 {[%emt 0:00:00]} Nc6 {[%emt 0:00:00]} 4. g3 {[%emt 0:00:00]} d5 {[%emt 0:00:00]} 5. Nbd2 {[%emt 0:00:00]} dxe4 {[%emt 0:00:00]} 6. dxe4 {[%emt 0:00:00]} Bc5 {[%emt 0:00:00]} 7. Bg2 {[%emt 0:00:00]} Bg4 {[%emt 0:00:00]} 8. c3 {[%emt 0:00:00]} Qd3 {[%emt 0:00:00]} 9. Qa4 {[%emt 0:00:00]} O-O-O {[%emt 0:00:00]} 10. Bf1 {[%emt 0:00:00]} Qd6 {[%emt 0:28:45]} 11. Be2 {[%emt 0:15:14]} a6 {[%emt 0:15:13]} 12. b4 {[%emt 0:10:27]} Nxb4 {[%emt 0:11:59]} 13. cxb4 {[%emt 0:05:35]} Bxb4 {[%emt 0:00:08]} 14. Qc2 {[%emt 0:01:29]} Bh3 {[%emt 0:07:46]} 15. Rb1 {[%emt 0:19:58]} Ba5 {[%emt 0:08:24]} 16. Rb3 {[%emt 0:08:55]} Bg2 {[%emt 0:09:45]} 17. Rg1 {[%emt 0:00:47]} Bh3 {[%emt 0:04:10]} 18. Ba3 {[%emt 0:04:16]} Bxd2+ {[%emt 0:01:25]} 19. Nxd2 {[%emt 0:02:14]} Qd7 {[%emt 0:04:56]} 20. Nc4 {[%emt 0:05:54]} Qd4 21. g4 1-0